Integrating conservation tillage and soil monitoring for optimised soil moisture in sustainable agriculture [abstract] /

Elmentve itt :
Bibliográfiai részletek
Szerzők: Kuunya Ronald
Mohammed Elshafia Ali Hamid
Osman Magdoline Mustafa Ahmed
Ragán Péter
Testületi szerző: 22th Wellmann International Scientific Conference
Dokumentumtípus: Könyv része
Megjelent: Szegedi Tudományegyetem Mezőgazdasági Kar Hódmezővásárhely 2025
Sorozat:Wellmann International Scientific Conference 22
Kulcsszavak:Talajvédelem - előadáskivonat, Talajművelés - mezőgazdasági - előadáskivonat, Fenntartható mezőgazdaság - előadáskivonat, Mezőgazdaság - precíziós - előadáskivonat
Tárgyszavak:
Online Access:http://acta.bibl.u-szeged.hu/89752
LEADER 01326naa a2200265 i 4500
001 acta89752
005 20260303085501.0
008 260303s2025 hu o 100 eng d
020 |a 978-963-688-044-6 
040 |a SZTE Egyetemi Kiadványok Repozitórium  |b hun 
041 |a eng 
100 1 |a Kuunya Ronald 
245 1 0 |a Integrating conservation tillage and soil monitoring for optimised soil moisture in sustainable agriculture   |h [elektronikus dokumentum] :  |b [abstract] /  |c  Kuunya Ronald 
260 |a Szegedi Tudományegyetem Mezőgazdasági Kar  |b Hódmezővásárhely  |c 2025 
300 |a 27 
490 0 |a Wellmann International Scientific Conference  |v 22 
650 4 |a Mezőgazdaság-tudományok 
650 4 |a Mezőgazdaság, erdészet, halászat 
650 4 |a Egyéb mezőgazdaság-tudományok 
695 |a Talajvédelem - előadáskivonat, Talajművelés - mezőgazdasági - előadáskivonat, Fenntartható mezőgazdaság - előadáskivonat, Mezőgazdaság - precíziós - előadáskivonat 
700 0 1 |a Mohammed Elshafia Ali Hamid  |e aut 
700 0 1 |a Osman Magdoline Mustafa Ahmed  |e aut 
700 0 1 |a Ragán Péter  |e aut 
711 |a 22th Wellmann International Scientific Conference  |c Hódmezővásárhely  |d 2025. május 15. 
856 4 0 |u http://acta.bibl.u-szeged.hu/89752/1/wellmann_abstracts_2025_027.pdf  |z Dokumentum-elérés